000 00785nam a2200229 a 4500
001 000039299
003 DO-SdBNP
005 20180214100048.0
007 000039299
008 130621s2013 dr c 000 0 spa d
040 _aBPMET
_bspa
_cBPMET
100 1 _aGonzález, Narciso
_qNarcisazo
245 1 0 _aJuan Pablo Duarte :
_bprincipios para un gran final /
_cNarciso González.
260 _aSanto Domingo :
_bSociedad de Animadores de la Cultura y la Democrácia (SACUDE),
_c2013.
300 _a24 P. :
_bretrs. ;
_c23 cm.
930 1 _lBND01
_mLF1
_820130621
_f04
_pCT
_g37417
942 _2ddc
_cBK
945 _ainventariado, 2018 / dg
956 _aWMENDOZA
_b10
_c20130621
_lBND01
_h1205
956 _aNMORDAN
_b10
_c20130624
_lBND01
_h1054
956 _aVMATEO
_b10
_c20150413
_lBND01
_h00151
999 _c7626
_d7626